Ligue 1 players 2024/25 - Statistics

General Stats
  • This quiz has been taken 15 times
  • The average score is 114 of 542
Answer Stats
Rank Player Positions Nationality Matches Goals Assists Clubs % Correct
2 Bradley Barcola MF, FW 34 14 10
90%
50 Désiré Doué MF, FW 31 6 6
90%
196 Gianluigi Donnarumma GK 24 0 0
90%
37 Guela Doué DF 32 1 2
90%
111 Ousmane Dembélé MF, FW 29 21 6
90%
323 Valentín Barco DF, MF, FW 14 0 2
90%
65 Alexandre Lacazette FW 30 15 2
80%
262 Antoine Mendy DF 18 0 0
80%
223 Marquinhos DF, MF 22 2 0
80%
12 Mason Greenwood MF, FW 34 21 5
80%
385 Nampalys Mendy MF 10 0 1
80%
203 Nuno Mendes DF 24 1 3
80%
117 Vitinha MF, FW 29 5 1
80%
118 Warren Zaïre-Emery DF, MF 29 1 2
80%
137 Willian Pacho DF 28 0 1
80%
177 Achraf Hakimi DF, MF 25 4 6
70%
92 Adrien Rabiot MF 29 9 4
70%
18 Amine Gouiri MF, FW 33 13 5
70%
31 Brice Samba GK 32 0 0
70%
180 Dante DF 25 0 0
70%
5 Georges Mikautadze FW 34 11 6
70%
164 Hamed Junior Traorè MF, FW 26 10 2
70%
441 Issiaga Camara MF 4 0 0
70%
102 João Neves DF, MF 29 3 8
70%
40 Jonathan David FW 32 16 5
70%
104 Lamine Camara MF 29 2 7
70%
149 Leonardo Balerdi DF 27 0 0
70%
9 Lucas Chevalier GK 34 0 0
70%
25 Luis Henrique DF, MF, FW 33 7 7
70%
43 Maghnes Akliouche MF, FW 32 5 10
70%
10 Mahdi Camara DF, MF, FW 34 5 3
70%
110 Nemanja Matić MF 29 0 1
70%
461 Ousmane Camara DF 3 0 0
70%
87 Rayan Cherki MF, FW 30 8 11
70%
61 Takumi Minamino MF, FW 31 6 3
70%
62 Téji Savanier MF 31 2 5
70%
250 Aleksandr Golovin MF, FW 19 3 0
60%
261 Anthony Lopes GK 18 0 0
60%
19 Arnaud Kalimuendo MF, FW 33 17 3
60%
51 Đorđe Petrović GK 31 0 0
60%
182 Geoffrey Kondogbia DF, MF 25 0 0
60%
6 Gerónimo Rulli GK 34 0 0
60%
219 Gonçalo Ramos FW 22 10 3
60%
132 Jonathan Clauss DF, MF 28 3 8
60%
24 Lucas Perri GK 33 0 0
60%
233 Malang Sarr DF 21 0 0
60%
107 Malick Fofana FW 29 5 4
60%
150 Mamadou Sarr DF 27 0 1
60%
86 Pierre Højbjerg MF 30 2 4
60%
268 Przemysław Frankowski DF, MF 18 4 2
60%
155 Quentin Merlin DF, MF 27 1 3
60%
492 Rayan Fofana MF, FW 2 0 0
60%
299 Seko Fofana MF 16 1 1
60%
245 Senny Mayulu MF, FW 20 2 2
60%
269 Steve Mandanda GK 18 0 0
60%
158 Thilo Kehrer DF 27 4 0
60%
26 Yahia Fofana GK 33 0 0
60%
356 Yaya Kader Fofana DF, MF, FW 12 1 1
60%
437 Abdoul Koné DF 4 0 0
50%
504 Alejandro Rodriguez MF 1 0 0
50%
193 Amadou Koné MF 24 0 0
50%
326 Amine Harit MF, FW 13 2 4
50%
139 André Ayew MF, FW 27 4 1
50%
67 Benjamin André DF, MF 30 0 3
50%
32 Corentin Tolisso DF, MF 32 7 4
50%
230 Derek Cornelius DF 21 0 0
50%
20 Eliesse Ben Seghir MF, FW 33 6 3
50%
375 Ethan Mbappé DF, MF, FW 10 0 0
50%
97 Facundo Medina DF 29 0 1
50%
163 Florian Ayé MF, FW 26 2 0
50%
73 Habib Diarra MF, FW 30 4 5
50%
231 Ismaël Koné MF, FW 21 2 1
50%
279 Jonas Martin DF, MF 17 1 0
50%
131 Jon Rowe MF, FW 28 3 3
50%
147 Jordan Veretout MF 27 2 0
50%
23 Junya Ito MF, FW 33 4 3
50%
318 Khvicha Kvaratskhelia MF, FW 14 4 3
50%
80 Lee Kang-in MF, FW 30 6 6
50%
294 Lucas Hernández DF 16 0 0
50%
11 Marcin Bułka GK 34 0 0
50%
383 Matvei Safonov GK 10 0 0
50%
296 Mika Biereth FW 16 13 2
50%
489 Presnel Kimpembe DF 2 0 0
50%
495 Sérigné Diop FW 2 0 0
50%
136 Sofiane Diop MF, FW 28 6 4
50%
191 Valentin Rongier DF, MF 25 3 1
50%
215 Abdoulaye Niakhate Ndiaye DF 22 1 0
40%
237 André Gomes MF 20 0 0
40%
29 Andrey Santos MF 32 10 3
40%
390 Andy Delort FW 9 0 0
40%
1 Andy Diouf MF 34 1 2
40%
313 Angel Gomes MF, FW 14 1 1
40%
47 Bafodé Diakité DF 31 4 1
40%
512 Benjamin Bourigeaud MF, FW 1 1 0
40%
94 Breel Embolo MF, FW 29 6 4
40%
274 Carlos Gómez DF, MF 17 3 0
40%
95 Clinton Mata DF 29 0 4
40%
162 Denis Zakaria DF, MF 26 6 4
40%
124 Djibril Sidibé DF, MF 28 0 3
40%
252 Duje Ćaleta-Car DF 19 1 0
40%
329 Elye Wahi FW 13 3 1
40%
144 Emanuel Emegha FW 27 14 3
40%
52 Florian Sotoca MF, FW 31 1 1
40%
330 Folarin Balogun FW 13 4 0
40%
331 Glen Kamara MF 13 0 1
40%
183 Hákon Arnar Haraldsson MF, FW 25 5 3
40%
165 Hans Hateboer DF, MF 26 0 0
40%
346 Ismaël Bennacer MF 12 0 2
40%
309 Junior Ndiaye FW 15 0 0
40%
168 Lilian Brassier DF 26 1 1
40%
186 Lucas Beraldo DF 25 1 0
40%
44 Marco Bizot GK 32 0 0
40%
396 Maxence Caqueret MF 9 0 0
40%
82 Michael Amir Murillo DF 30 1 3
40%
45 Moses Simon MF, FW 32 8 10
40%
172 Nicolas Pallois DF 26 0 2
40%
202 Nicolás Tagliafico DF 24 3 1
40%
486 Noham Kamara DF 2 0 0
40%
173 Oumar Diakité FW 26 4 1
40%
243 Pierre Lees-Melou MF, FW 20 2 2
40%
157 Rassoul Ndiaye MF, FW 27 1 0
40%
175 Romain Del Castillo MF, FW 26 6 4
40%
90 Thomas Meunier DF, MF 30 2 0
40%
247 Ulisses Garcia DF, MF 20 2 2
40%
115 Vanderson DF, MF, FW 29 1 3
40%
91 Wahbi Khazri MF, FW 30 1 1
40%
159 Wilfried Singo DF 27 1 2
40%
15 Yehvann Diouf GK 34 0 0
40%
27 Zuriko Davitashvili MF, FW 33 9 8
40%
16 Adrien Thomasson DF, MF, FW 33 3 7
30%
17 Adrien Truffert DF, MF 33 2 2
30%
194 Ayyoub Bouaddi MF 24 0 1
30%
143 Deiver Machado DF, MF 27 1 4
30%
34 Diego Moreira DF, MF, FW 32 2 7
30%
253 Edimilson Fernandes DF, MF, FW 19 0 1
30%
343 Edon Zhegrova MF, FW 12 4 1
30%
3 Gaëtan Perrin MF, FW 34 10 11
30%
240 Ibrahim Sissoko FW 20 3 1
30%
458 Lasso Coulibaly MF, FW 3 1 0
30%
58 Ludovic Ajorque FW 31 13 2
30%
531 Mamadou Coulibaly MF 1 0 0
30%
350 Marco Asensio MF, FW 12 2 4
30%
257 Marshall Munetsi DF, MF 19 4 2
30%
319 Mathew Ryan GK 14 0 0
30%
109 Mathias Pereira Lage DF, MF, FW 29 2 7
30%
13 Matthis Abline MF, FW 34 9 2
30%
234 M'Bala Nzola FW 21 6 1
30%
200 Mitchel Bakker DF, MF, FW 24 3 2
30%
311 Mohammed Salisu DF 15 1 0
30%
443 Niama Sissoko MF, FW 4 0 0
30%
259 Philipp Köhn GK 19 0 0
30%
212 Rémy Cabella MF, FW 23 1 2
30%
235 Saidou Sow DF 21 1 1
30%
60 Sebastian Nanasi MF, FW 31 6 4
30%
187 Sekou Mara MF, FW 25 1 1
30%
188 Sorba Thomas MF, FW 25 1 3
30%
418 Soumaïla Coulibaly DF 7 0 0
30%
189 Tanguy Coulibaly DF, MF, FW 25 3 0
30%
270 Tanguy Ndombele MF 18 1 2
30%
190 Tanner Tessmann MF 25 1 0
30%
435 Terem Moffi FW 5 1 0
30%
301 Thiago Almada MF, FW 16 1 4
30%
420 Tiago Santos DF 7 0 0
30%
542 Warmed Omari DF 1 0 0
30%
138 Abdallah Sima MF, FW 27 7 2
20%
248 Abdoulaye Bamba DF 19 0 0
20%
120 Abdoulaye Touré MF 28 10 1
20%
325 Abdukodir Khusanov DF 13 0 0
20%
28 Ainsley Maitland-Niles DF, MF 32 1 4
20%
192 Aïssa Mandi DF 24 0 0
20%
303 Akor Adams FW 15 3 1
20%
340 Alban Lafont GK 12 0 0
20%
284 Albert Grønbaek MF, FW 16 2 1
20%
370 Almoatasem Al Musrati MF 10 1 1
20%
121 Anass Zaroury MF, FW 28 2 2
20%
373 Bamo Meïté DF 10 0 0
20%
208 Baptiste Santamaria DF, MF 23 0 1
20%
402 Birama Touré MF 8 0 0
20%
468 Bradley Locko DF, MF 2 0 0
20%
141 Brendan Chardonnet DF 27 1 0
20%
142 Caio Henrique Oliveira Silva DF 27 0 6
20%
48 Charlie Cresswell DF 31 3 1
20%
238 Christopher Wooh DF 20 0 0
20%
361 David Costa MF, FW 11 0 0
20%
69 Dilane Bakwa DF, MF, FW 30 6 8
20%
315 Djaoui Cissé MF 14 1 0
20%
21 Evann Guessand MF, FW 33 12 8
20%
146 Félix Lemaréchal MF, FW 27 4 3
20%
53 Frank Magri MF, FW 31 5 1
20%
71 Gabriel Gudmundsson DF, MF, FW 30 2 0
20%
72 Gabriel Suazo DF 30 0 6
20%
129 Gaëtan Laborde MF, FW 28 11 4
20%
54 Gautier Lloris DF 31 2 1
20%
98 Gideon Mensah DF 29 0 1
20%
454 Gift Orban DF, FW 3 2 0
20%
99 Guillaume Restes GK 29 0 1
20%
431 Hervé Koffi GK 5 0 0
20%
39 Hugo Magnetti MF 32 1 0
20%
344 Ibrahim Salah MF, FW 12 1 1
20%
55 Ismaël Doukouré DF, MF 31 1 1
20%
288 Ismaily DF 16 0 1
20%
101 Issa Soumaré MF, FW 29 5 4
20%
232 Jeremie Boga MF, FW 21 1 2
20%
103 Johann Lepenant MF 29 2 1
20%
184 Jonathan Gradit DF 25 0 0
20%
185 Jordan Ferri MF 25 0 2
20%
211 Jordan James MF 23 0 1
20%
289 Jordan Teze DF 16 1 0
20%
133 Joshua King MF, FW 28 6 3
20%
148 Josué Casimir DF, MF, FW 27 4 4
20%
379 Juma Bah DF 10 0 0
20%
78 Kenny Lala DF, MF, FW 30 3 2
20%
292 Leo Skiri Østigård DF 16 1 0
20%
529 Logan Costa DF 1 0 0
20%
106 Ludovic Blas MF, FW 29 6 8
20%
442 Luiz Felipe DF 4 0 0
20%
108 Mama Samba Baldé MF, FW 29 2 3
20%
225 Matias Fernandez-Pardo MF, FW 22 4 2
20%
199 Melvin Bard DF, MF 24 2 1
20%
152 Mohamed Ali Cho MF, FW 27 3 4
20%
484 Mohamed Bamba MF 2 0 0
20%
353 Mohamed Meité FW 12 2 0
20%
153 Moïse Bombito DF 27 0 0
20%
83 Mostafa Mohamed FW 30 5 0
20%
59 Moussa Niakhate DF 31 0 0
20%
384 Nabil Bentaleb MF 10 1 0
20%
226 Neal Maupay MF, FW 22 4 4
20%
201 Neil El Aynaoui MF 24 8 1
20%
538 Ousmane Toure DF 1 0 0
20%
112 Pablo Rosario DF, MF 29 3 1
20%
85 Pedro Chirivella MF 30 0 2
20%
260 Pol Lirola DF, MF, FW 19 1 2
20%
312 Radosław Majecki GK 15 0 0
20%
387 Randal Kolo Muani MF, FW 10 2 1
20%
244 Romain Faivre MF, FW 20 3 2
20%
236 Soungoutou Magassa DF, MF 21 0 1
20%
282 Teddy Teuma MF 17 1 0
20%
446 Valentin Carboni DF, MF, FW 4 0 0
20%
205 Wesley Saïd MF, FW 24 3 0
20%
500 Yoann Cissé MF 2 0 0
20%
214 Youssouf Ndayishimiye DF, MF 23 3 0
20%
389 Zinédine Ould Khaled MF, FW 10 0 0
20%
229 Abakar Sylla DF 21 1 0
10%
249 Abner DF 19 1 1
10%
46 Ado Onaiwu MF, FW 31 4 1
10%
503 Adryelson DF, FW 1 0 0
10%
178 Ali Abdi DF, MF 25 5 2
10%
506 Alois Confais DF, MF 1 0 0
10%
207 Angelo Fulgini MF, FW 23 1 1
10%
421 Ange Martial Tia DF, MF 6 0 0
10%
160 Antoine Joujou MF, FW 26 0 2
10%
285 Arnaud Nordin MF, FW 16 4 1
10%
508 Arnau Tenas GK 1 0 1
10%
286 Arouna Sangante DF 16 3 0
10%
263 Arthur Desmas GK 18 0 0
10%
272 Assane Dioussé MF 17 0 0
10%
465 Axel Camblan MF, FW 2 0 0
10%
93 Azor Matusiwa MF 29 1 3
10%
161 Badredine Bouanani MF, FW 26 3 3
10%
251 Bahereba Guirassy MF, FW 19 2 0
10%
217 Becir Omeragic DF, MF 22 0 0
10%
68 Benjamin Lecomte GK 30 0 0
10%
327 Ben Old MF, FW 13 0 0
10%
513 Beres Owusu DF 1 0 0
10%
304 Bilal Nadir MF, FW 15 1 0
10%
360 Boubakar Kouyaté DF 11 0 0
10%
122 Carlens Arcus DF 28 0 1
10%
452 Cédric Hountondji DF 3 0 0
10%
123 Cédric Kipré DF 28 0 1
10%
218 Christian Mawissa DF 22 0 0
10%
328 Christopher Operi DF, FW 13 0 2
10%
314 Chuba Akpom MF, FW 14 3 1
10%
49 Clément Akpa DF 31 0 1
10%
341 Daler Kuzyaev MF 12 1 0
10%
469 Darryl Bakola DF, MF 2 0 0
10%
438 Dimitry Bertaud GK 4 0 0
10%
35 Donovan Léon GK 32 0 2
10%
126 Elisha Owusu MF 28 1 3
10%
316 Emmanuel Agbadou DF 14 0 0
10%
275 Emmanuel Biumla DF 17 1 0
10%
305 Emmanuel Sabbi MF, FW 15 0 0
10%
145 Enzo Tchato DF 27 0 0
10%
209 Ernest Nuamah MF, FW 23 3 1
10%
473 Eros Maddy DF, FW 2 0 0
10%
127 Esteban Lepaul FW 28 9 0
10%
128 Etienne Youte Kinkoue DF 28 0 0
10%
70 Fabián Ruiz Peña MF 30 4 5
10%
287 Falaye Sacko DF 16 0 1
10%
36 Farid El Melali DF, MF, FW 32 2 3
10%
518 Faris Pemi Moumbagna FW 1 0 0
10%
22 Florent Hanin DF 33 1 2
10%
391 Florent Mollet MF, FW 9 0 0
10%
195 Florian Tardieu MF 24 2 4
10%
425 Gabriel Moscardo DF, MF 6 0 0
10%
239 Gabriel Osho DF 20 1 0
10%
520 Gauthier Gallon GK 1 0 0
10%
4 Gautier Larsonneur GK 34 0 0
10%
210 George Ilenikhena FW 23 3 2
10%
474 Grégoire Coudert GK 2 0 0
10%
276 Guimissongui Ouattara DF, FW 17 1 1
10%
277 Hamzat Ojediran MF, FW 17 1 0
10%
278 Han-Noah Massengo MF 17 0 0
10%
220 Haris Belkebla MF 22 0 1
10%
100 Hicham Boudaoui MF 29 2 3
10%
38 Himad Abdelli MF, FW 32 6 1
10%
197 Ibrahima Niane MF, FW 24 3 1
10%
393 Ibrahim Mbaye MF, FW 9 1 1
10%
345 Ilyes Housni MF, FW 12 0 0
10%
475 Ismail Jakobs DF, MF, FW 2 0 0
10%
254 Issiaga Sylla DF, MF, FW 19 1 0
10%
265 Jacques Ekomie DF, FW 18 0 0
10%
74 Jean-Charles Castelletto DF, MF 30 0 0
10%
166 Jean-Eudes Aholou MF 26 2 0
10%
394 Jean-Kevin Duverne DF 9 0 0
10%
405 Jeremy Agbonifo MF, FW 8 1 0
10%
476 Jérémy Le Douaron MF, FW 2 0 0
10%
378 Jhoanner Chávez DF, MF 10 1 0
10%
130 Jim Allevinah DF, MF, FW 28 1 3
10%
365 Jordan Amavi DF 11 0 0
10%
7 Jordan Lefort DF 34 0 1
10%
477 Jordan Lotomba DF, MF 2 0 0
10%
167 Joris Chotard MF 26 1 0
10%
395 Jota MF, FW 9 1 0
10%
75 Jubal DF 30 6 0
10%
290 Julien Le Cardinal DF 16 0 1
10%
479 Justin-Noël Kalumba DF, MF, FW 2 0 0
10%
76 Kamory Doumbia MF, FW 30 3 2
10%
524 Kandet Diawara FW 1 0 0
10%
456 Karl-Johan Johnsson GK 3 0 0
10%
347 Kassoum Ouattara DF, FW 12 0 1
10%
41 Keito Nakamura MF, FW 32 11 2
10%
77 Kelvin Amian DF 30 1 0
10%
222 Kévin Danois MF 22 0 0
10%
348 Kevin Danso DF 12 0 0
10%
241 Khalil Fayad MF, FW 20 0 0
10%
79 Ki-Jana Hoever DF, MF 30 1 2
10%
256 Krépin Diatta DF, MF, FW 19 0 0
10%
8 Lassine Sinayoko MF, FW 34 5 8
10%
105 Lilian Raolisoa DF, MF, FW 29 0 3
10%
57 Loïc Nego DF, MF, FW 31 0 0
10%
481 Loïc N'Gatta DF 2 0 0
10%
530 Lois Diony FW 1 0 0
10%
42 Lorenz Assignon DF, MF 32 3 4
10%
198 Louis Mouton MF 24 0 1
10%
134 Lucas Stassin FW 28 12 4
10%
334 Luck Zogbé DF 13 0 0
10%
280 Mahamadou Diawara MF 17 0 1
10%
242 Marcus Coco DF, MF, FW 20 0 1
10%
407 Marius Courcoul DF, MF 8 0 0
10%
81 Mark McKenzie DF 30 1 1
10%
414 Martin Satriano FW 7 0 0
10%
382 Marvin Senaya DF, MF 10 0 0
10%
224 Massadio Haïdara DF, MF 22 0 0
10%
310 Mathieu Cafaro MF, FW 15 1 0
10%
295 Mathieu Gorgelin GK 16 0 0
10%
534 Melvin Zinga GK 1 0 0
10%
258 Miha Zajc MF, FW 19 0 0
10%
367 Mikayil Ngor Faye DF 11 0 0
10%
432 Milan Škriniar DF, MF 5 0 0
10%
483 Milos Lukovic MF, FW 2 0 0
10%
151 Modibo Sagnan DF 27 2 0
10%
485 Mohamed Daramy MF, FW 2 0 0
10%
352 Mohamed Lamine Bayo MF, FW 12 2 1
10%
428 Morgan Sanson MF 6 3 0
10%
267 Nathan Zeze DF 18 0 0
10%
227 Ngal'Ayel Mukau MF 22 0 1
10%
154 Nicolas Cozza DF, MF 27 1 0
10%
415 Nikola Maksimović DF 7 0 0
10%
537 Orel Mangala MF 1 0 0
10%
84 Osame Sahraoui MF, FW 30 3 3
10%
487 Óscar Perea DF, MF 2 0 0
10%
320 Oussama Targhalline MF 14 0 0
10%
488 Paul Akouokou DF, MF 2 0 0
10%
174 Paul Joly DF 26 0 1
10%
297 Pierrick Capelle DF, MF, FW 16 0 0
10%
416 Rasmus Nicolaisen DF 7 0 1
10%
337 Rayan Raveloson DF, MF 13 1 0
10%
540 Rémy Descamps GK 1 0 0
10%
321 Rémy Labeau Lascary MF, FW 14 2 1
10%
298 Ruben Aguilar DF, MF 16 1 2
10%
322 Sael Kumbedi DF 14 0 0
10%
338 Saïd Benrahma MF, FW 13 1 3
10%
429 Samuel Grandsir MF, FW 6 0 0
10%
494 Sékou Doucoure DF 2 0 0
10%
88 Sergio Akieme DF 30 2 3
10%
417 Sidiki Cherif FW 7 0 0
10%
213 Sinaly Diomande DF 23 3 2
10%
409 Steve Ngoura MF, FW 8 0 0
10%
114 Theo Bair FW 29 2 1
10%
497 Théo De Percin GK 2 0 0
10%
498 Théo Pellenard DF 2 0 0
10%
436 Thibault De Smet DF 5 0 0
10%
246 Timothee Pembele DF 20 1 0
10%
116 Vincent Sierro MF 29 5 1
10%
448 Wilfried Zaha MF, FW 4 0 0
10%
283 Yanis Zouaoui DF, FW 17 0 2
10%
63 Yann Gboho MF, FW 31 5 4
10%
119 Yassin Belkhdim MF 29 1 1
10%
64 Yassine Kechta MF, FW 31 2 0
10%
339 Yoann Salmier DF 13 0 0
10%
450 Yoram Zague DF, FW 4 0 0
10%
369 Youssoufa Moukoko MF, FW 11 2 1
10%
176 Zakaria Aboukhlal MF, FW 26 7 2
10%
206 Zinedine Ferhat MF, FW 24 2 0
10%
502 Aaron Malouda FW 1 0 0
0%
216 Aimen Moueffek DF, MF 22 0 1
0%
505 Álex Domínguez GK 1 0 0
0%
66 Alexsandro Ribeiro DF 30 1 1
0%
358 Alidu Seidu DF 11 0 0
0%
371 Amar Dedić DF 10 0 1
0%
464 Amidou Doumbouya DF 2 0 0
0%
271 Amine Salama MF, FW 17 0 0
0%
372 Andrew Omobamidele DF 10 0 0
0%
507 Anthony Briançon DF 1 0 0
0%
359 Anthony Rouault DF 11 0 0
0%
451 Aristide Zossou MF 3 0 0
0%
30 Aron Dønnum DF, MF, FW 32 2 2
0%
273 Augustine Boakye MF, FW 17 3 0
0%
140 Aurélio Buta DF, MF 27 0 1
0%
509 Axel Gueguin DF, MF, FW 1 0 0
0%
466 Axel Tapé DF, MF 2 0 0
0%
510 Ayanda Sishuba MF, FW 1 0 0
0%
430 Ayman Aiki MF, FW 5 0 0
0%
264 Bamba Dieng MF, FW 18 3 0
0%
179 Benjamin Bouchouari MF 25 1 0
0%
511 Ben Viadere MF 1 0 0
0%
514 Bernard Nguene FW 1 0 0
0%
467 Bilal Brahimi MF, FW 2 0 0
0%
422 Caleb Wiley DF, MF 6 0 1
0%
33 Cristian Cásseres Jr. MF 32 1 3
0%
342 Dehmaine Assoumani MF, FW 12 0 0
0%
403 Denis Genreau MF, FW 8 0 0
0%
96 Dennis Appiah DF, MF 29 0 1
0%
404 Djylian N'Guessan FW 8 0 0
0%
125 Douglas MF 28 4 2
0%
181 Dylan Batubinsika DF 25 1 0
0%
515 Edhy Zuliani DF 1 0 0
0%
374 Eduard Sobol DF 10 0 0
0%
453 Eliot Matazo MF 3 0 0
0%
470 Eloge Zabi DF, MF 2 0 0
0%
516 Elysée Logbo FW 1 0 0
0%
517 Emmanuel Koum Mbondo DF 1 0 0
0%
471 Enzo Caumont MF 2 0 0
0%
472 Enzo Sternal MF, FW 2 0 0
0%
411 Fabien Centonze DF 7 0 0
0%
376 Fodé Ballo-Touré DF, MF 10 0 0
0%
423 Francis Coquelin DF, MF 6 1 1
0%
392 Fredrik Oppegard DF 9 0 0
0%
519 Gabin Capuano FW 1 0 0
0%
424 Gabriel Bares DF, MF 6 0 0
0%
306 Goduine Koyalipou FW 15 4 0
0%
362 Hafiz Ibrahim FW 11 0 1
0%
439 Hamidou Makalou MF, FW 4 0 0
0%
440 Henrik Meister FW 4 1 0
0%
521 Hianga Mananga Mbock MF, FW 1 0 0
0%
307 Hiroki Sekine DF 15 0 0
0%
377 Ibrahima Wadji MF, FW 10 0 0
0%
363 Ignatius Ganago MF, FW 11 0 0
0%
455 Igor Miladinović MF, FW 3 0 0
0%
522 Ike Orazi MF 1 0 0
0%
308 Irvin Cardona MF, FW 15 5 3
0%
266 Jaydee Canvot DF, MF 18 0 0
0%
317 Jean-Philippe Gbamin DF, MF 14 0 0
0%
364 Jérémy Jacquet DF 11 0 1
0%
332 Jérémy Sebas MF, FW 13 0 0
0%
523 Jibril Othman FW 1 0 0
0%
333 John Joe MF, FW 13 0 0
0%
412 Jordan Pefok FW 7 1 0
0%
221 Joseph Okumu DF 22 1 0
0%
255 Junior Mwanga MF, FW 19 1 2
0%
478 Justin Bourgault DF 2 1 0
0%
525 Karol Fila DF 1 0 0
0%
380 Kazeem Olaigbe MF, FW 10 0 2
0%
526 Kembo Diliwidi DF 1 0 0
0%
527 Kévin Pedro DF 1 0 0
0%
528 Keyliane Abdallah FW 1 0 0
0%
426 Kjetil Haug GK 6 0 0
0%
291 Koka FW 16 3 1
0%
457 Kyllian Antonio DF, MF 3 0 0
0%
427 Kyogo Furuhashi FW 6 0 0
0%
413 Lamine Fomba MF 7 0 0
0%
480 Lanroy Machine FW 2 0 0
0%
56 Léo Pétrot DF 31 0 3
0%
293 Louis Leroux DF, MF 16 2 1
0%
406 Lucas Michal MF, FW 8 0 0
0%
381 Lucas Mincarelli DF, MF 10 1 0
0%
349 Mahamadou Nagida DF 12 2 0
0%
459 Malcolm Jeng DF 3 0 0
0%
135 Mamadou Diakhon MF, FW 28 2 1
0%
532 Martin Adeline MF, FW 1 0 0
0%
482 Marwann Nzuzi DF 2 0 0
0%
533 Mathéo Bodmer MF 1 0 0
0%
281 Mathis Amougou MF 17 0 0
0%
366 Maxime Bernauer DF 11 0 0
0%
408 Meschak Elia FW 8 1 0
0%
169 Mickael Nade DF 26 1 2
0%
351 Mohamed Abdelmoneim DF 12 0 0
0%
335 Mory Gbane DF, MF 13 0 1
0%
170 Musa Al-Taamari MF, FW 26 3 1
0%
535 Naatan Skyttä MF, FW 1 0 0
0%
460 Naouirou Ahamada MF, FW 3 0 0
0%
171 Nhoa Sangui DF, MF 26 0 2
0%
397 Nicolas Pays MF, FW 9 0 0
0%
398 Niklas Schmidt MF 9 0 1
0%
386 Noah Edjouma MF, FW 10 2 0
0%
536 Nordine Kandil MF, FW 1 0 0
0%
354 Othmane Maamma MF, FW 12 1 1
0%
399 Pape Daouda Diongue MF, FW 9 1 0
0%
433 Patrik Carlgren GK 5 0 0
0%
368 Pierre Cornud DF 11 0 0
0%
113 Pierre Ekwah Elimby MF 29 1 0
0%
539 Plamedi Nsingi MF 1 0 0
0%
490 Prosper Peter MF, FW 2 0 0
0%
156 Rabby Nzingoula MF, FW 27 1 0
0%
336 Rafik Messali DF 13 0 1
0%
491 Rareş Ilie MF, FW 2 0 0
0%
444 Reda Khadra MF, FW 4 0 0
0%
493 Robinio Vaz FW 2 0 0
0%
434 Rudy Matondo MF 5 0 0
0%
462 Saïmon Bouabré MF, FW 3 0 0
0%
400 Samuel Amo-Ameyaw DF, MF, FW 9 2 0
0%
89 Shavy Babicka MF, FW 30 4 2
0%
496 Simon Cara MF, FW 2 0 0
0%
419 Stefan Džodić DF, MF 7 0 0
0%
541 Téo Barisic DF 1 0 0
0%
445 Théo Chennahi DF 4 0 0
0%
300 Théo Sainte-Luce DF, MF 16 1 0
0%
499 Thomas Delaine DF, MF, FW 2 0 0
0%
355 Tino Kadewere MF, FW 12 1 2
0%
228 Tom Louchet DF, MF 22 1 0
0%
388 Tom Pouilly DF, MF 10 0 0
0%
401 Ümit Akdag DF 9 0 0
0%
14 Valentin Atangana Edoa MF 34 1 0
0%
447 Victor Orakpo FW 4 0 0
0%
204 Waren Kamanzi DF, MF, FW 24 1 1
0%
410 Wilfried Ndollo DF 8 0 0
0%
324 Yael Mouanga DF 14 0 0
0%
463 Yael Nandjou DF 3 0 0
0%
449 Yanis Issoufou MF, FW 4 0 0
0%
501 Younes Lachaab MF, FW 2 0 0
0%
302 Yunis Abdelhamid DF 16 0 0
0%
357 Yvann Macon DF 12 0 0
0%
No matching quizzes found
Score Distribution
Percent of People with Each Score
Percentile by Number Answered
Your Score History
You have not taken this quiz